INTERIOR DESIGN INSPIRATION 3 (Record no. 34376)

MARC details
000 -LEADER
fixed length control field 00293nam a22001337a 4500
003 - CONTROL NUMBER IDENTIFIER
control field SGT
020 ## - INTERNATIONAL STANDARD BOOK NUMBER
International Standard Book Number 9788499361277
082 ## - DEWEY DECIMAL CLASSIFICATION NUMBER
Classification number 747
Item number HAU
100 ## - MAIN ENTRY--PERSONAL NAME
Personal name HAUSMANN JOSE LUIS
245 ## - TITLE STATEMENT
Title INTERIOR DESIGN INSPIRATION 3
260 ## - PUBLICATION, DISTRIBUTION, ETC. (IMPRINT)
Place of publication, distribution, etc SPAIN
Name of publisher, distributor, etc LOFT PUB
Year of Publication 2012
300 ## - PAGE DESCRIPTION
No. of Pages 594
942 ## - ADDED ENTRY ELEMENTS (KOHA)
Source of classification or shelving scheme Dewey Decimal Classification
Koha item type Books
Holdings
Withdrawn status Lost status Source of classification or shelving scheme Damaged status Not for loan Home library Current library Shelving location Date acquired Vendor Name Cost, normal purchase price SGTU Bill Number Total Checkouts Full call number Accession No. (Barcode) Date last seen Bill Date Koha item type
    Dewey Decimal Classification   Not For Loan SGT Science & Social Sciences Library SGT Science & Social Sciences Library Reference Book 17/03/2026 PNAKAJ PUB 5052.66 SGTU 68   747 HAU FF882 17/03/2026 26/02/2026 Books